El Radn̤ Tratamiento jurd̕ico de un enemigo invisible

Detalles Bibliográficos
Autor principal: Real Ferrer, Gabriel
Formato: eBook
Lenguaje:español
Publicado: Alicante : Editorial Club Universitario, 2002
Materias:
Acceso en línea:http://www.vlex.com/source/7363

MARC

LEADER 00000nam a22000007a 4500
005 20130228173455.0
007 cr|||| ||||
008 130228e2002 sp |||||s|||| 00||0 spa d
020 |a 978-84-8454-214-8 
035 |a 7363 
040 |a vLex 
090 |c 3791  |d 3791 
100 1 0 |a Real Ferrer, Gabriel 
245 1 3 |a El Radn̤  |b Tratamiento jurd̕ico de un enemigo invisible  |h [Recurso electrn̤ico] 
256 |a Servicio en ln̕ea 
260 |a Alicante :  |b Editorial Club Universitario,   |c 2002 
300 |a 1 Recurso electrn̤ico 
650 0 4 |a Derecho laboral  |z Espaą 
650 0 4 |a Seguridad y salud laboral  |z Espaą 
650 0 4 |a Radn̤ 
740 |a vLex Libros (Servicio en ln̕ea) 
856 |a Acceso restringido  |u http://www.vlex.com/source/7363 
942 |c BOOK 
999 0 |a Labor law and legislation